000
00317 a2200157 4500
001
164789
020
_a
040
_c
Magnum
100
_a
Almeida, Maria Augusta de
240
1
0
_a
O quarto vazio
_l
por
245
1
0
_a
O quarto vazio
362
0
_a
1899
440
1
_a
Paulinas
697
_a
J/ROMANCE
942
_c
BK
999
_c
164789
_d
164789